000 01061nam a2200313 a 4500
001 vtls001359619
003 NLI
005 20210627081532.0
008 120625s1972 dcu f000 0 eng
039 9 _y201206251828
_zVLOAD
040 _aNLI
_beng
_cDatasoft_FOD_6
_eAACR2
041 0 _aeng
044 _a dcu
082 0 4 _a 332.7220973
110 1 _aUnited States.
_bDepartment of Housing and Urban Development
_9709092
245 1 0 _aHome ownership and resident counseling /
_cUnited States, Department of Housing and Urban Development
260 _aWashington, D. C. :
_bThe Department,
_c1972
300 _ai, 65 p. ;
_c26 cm.
650 0 _aMortgage loans
_zUnited States
_9728043
650 0 _aHousing
_zUnited States
_xFinance
_9728046
650 0 _aFederal home loan banks
_9835036
650 0 _aSavings and loan associations
_zUnited States
_9728045
887 _a
901 _aAD 4687
_b29.09.1973
902 _aU.S 332.7220973 Un 3
904 _l1234
949 _AVIRTUAITEM
_D10002
_X100
_6FOD000004687ENG
942 _2ddc
_cBKS
999 _aVIRTUA40
_c720410
_d720410